| 000 | 00373nam a2200145 a 4500 | ||
|---|---|---|---|
| 001 | 1300 | ||
| 003 | CDMR | ||
| 005 | 20130320111202.0 | ||
| 008 | 130130s1993||||||||||||||||||||||||||||d | ||
| 040 |
_aCDMR _bcat _cCPC GIRONA |
||
| 100 | 1 |
_9417 _aGuillamet, Jaume |
|
| 245 | 1 | 0 |
_aFormació de la premsa moderna (1841-1843) _cGuillamet, Jaume |
| 260 |
_c1993 _bCIC |
||
| 942 |
_cMON _2udc |
||
| 999 |
_c1300 _d1300 |
||